Normal view
MARC view
- Reasoning
Entry Topical Term
001 - CONTROL NUMBER
- control field: 82096
003 - CONTROL NUMBER IDENTIFIER
- control field: NUST
005 - DATE AND TIME OF LATEST TRANSACTION
- control field: 20210903105448.0
008 - FIXED-LENGTH DATA ELEMENTS
- fixed length control field: 210903|| aca||aabn | a|a d
040 ## - CATALOGING SOURCE
- Original cataloging agency: NUST
- Transcribing agency: NUST
150 ## - HEADING--TOPICAL TERM
- Topical term or geographic name entry element: Reasoning
670 ## - SOURCE DATA FOUND
- Source citation: Work cat.: (NUST)31844: Pearl, Judea. 82095, Probabilistic reasoning in intelligent systems /, c1988.
